logo

Bir Sreshtho Munshi Abdur Rouf Library
Jhenaidah Cadet College

বাবু / (Record no. 10419)

MARC details
000 -LEADER
fixed length control field 00576nam a2200217 a 4500
001 - CONTROL NUMBER
JCCL Control Number 10419
003 - CONTROL NUMBER IDENTIFIER
JCCL marc code BD-JhCC
005 - DATE AND TIME OF LATEST TRANSACTION
control field 20221128134022.0
008 - FIXED-LENGTH DATA ELEMENTS--GENERAL INFORMATION
fixed length control field 180425s2017 b a|||| || | 000 0 eng d
035 ## - SYSTEM CONTROL NUMBER
system control number (BD-JhCC)10419
040 ## - CATALOGING SOURCE
Original cataloging agency BD-JhCC
Modifying agency BD-JhCC
041 ## - LANGUAGE CODE
Language code of Book eng
082 ## - DEWEY DECIMAL CLASSIFICATION NUMBER
Classification number 891.4495
Author mark and Year SHA 2017
100 ## - MAIN ENTRY--PERSONAL NAME
Personal name শাহরিয়ার,
245 ## - TITLE STATEMENT
Title বাবু /
Statement of responsibility, etc শাহরিয়ার,
260 ## - PUBLICATION, DISTRIBUTION, ETC. (IMPRINT)
Place of publication, distribution, etc Dhaka :
Name of publisher, distributor, etc Panzeri Publications,
Date of publication, distribution, etc 2017.
300 ## - PHYSICAL DESCRIPTION
Pagination 48 p. :
Other physical details ill. ;
Dimensions 18 cm.
650 ## - SUBJECT ADDED ENTRY--TOPICAL TERM
Topical term or geographic name as entry element Bengali comics
942 ## - ADDED ENTRY ELEMENTS (KOHA)
Source of classification or shelving scheme Dewey Decimal Classification
Koha item type Books
Koha issues (borrowed), all copies 67
Holdings
Source of classification or shelving scheme volume number Damaged status Not for loan Home library Current library Shelving location Date of accession Cost, normal purchase price Total Checkouts Full call number Barcode Date last seen Date checked out Copy number Koha item type
Dewey Decimal Classification V-10     JCC Rouf Library JCC Rouf Library General Stacks 05/08/2023 100.00 12 891.4495 SHA 2017 13640 01/24/2024 01/22/2024 C-1 Books
Dewey Decimal Classification V-09     JCC Rouf Library JCC Rouf Library General Stacks 05/11/2023 100.00 19 891.4495 SHA 2017 13639 10/29/2025 10/15/2025 C-2 Books
Dewey Decimal Classification V-08     JCC Rouf Library JCC Rouf Library General Stacks 05/06/2024 100.00 11 891.4495 SHA 2017 13638 02/05/2026 01/29/2026 C-3 Books
Dewey Decimal Classification V- 07     JCC Rouf Library JCC Rouf Library General Stacks 11/05/2023 100.00 15 891.4495 SHA 2017 13637 07/08/2024 07/01/2024 C-4 Books
Dewey Decimal Classification V- 06     JCC Rouf Library JCC Rouf Library General Stacks   100.00 5 891.4495 SHA 2017 13636 09/28/2019 09/14/2019 C-5 Books
Dewey Decimal Classification V-05     JCC Rouf Library JCC Rouf Library General Stacks 07/14/2024 100.00 12 891.4495 SHA 2017 13635 11/12/2025 11/05/2025 C-6 Books
Dewey Decimal Classification V-03     JCC Rouf Library JCC Rouf Library General Stacks 05/08/2023 100.00 17 891.4495 SHA 2017 13634 01/20/2026 01/13/2026 C-7 Books

JCC Library | Contacts | JCC Home

Last Update on 23 September 2017
Copyright @ 2017-2020 JCC Rouf Library
Rouf Library, Jhenidah Cadet College (JCC), Bangladesh